Регионална библиотека "Любен Каравелов" - Русе

Учебная русская хрестоматия с толкованиями (Запис номер 408040)

MARC детайли
000 -Лидер
Контролно поле с фиксирана дължина nam a22 a 4500
003 - Код на организацията, давaща контролен номер
Контролно поле BLK
005 - Дата и час на последна редакция
Контролно поле 20210413171217.0
008 - Елементи от данни с фиксирана дължина
fixed length control field 210413b bu |||||r|||| 00| | bu d
040 ## - Източник на каталожния запис
Идентификатор на билиотеката - собственик на записа BLK
041 ## - Код за език
Код за езика на текст/звукозапис или на отделно заглавие Руски
Код за езика КДБФ Руски
080 ## - УДК
Текстов определител УДК Руски език
УДК код - определител по УДК 811.161.1
УДК - код + определител 811.161.1
100 ## - Редна дума - Автор
R(LIN) 1412
Автор Полевой, Петр Николаевич
Авторска отговорност состав.
139 ## - Редно поле
Редна дума Полевой, Петр Николаевич
245 ## - Сведения за заглавието
Заглавие Учебная русская хрестоматия с толкованиями
Редно поле (дума) состав. П. Полевой
Том Ч. 1
Заглавие на том Младший возраст
260 ## - Област на издателските данни
9 (RLIN) 447860
Място на издаване, разпространение и проч. С.-Петербург
Име на издателя, разпространителя и проч. Д. Д. Полубояринов
Година на издаване 1898
300 ## - Физическа характеристика
Размери/Мащаб 23 см
380 ## - Жанр
Жанр Езикознание. Филология
490 ## - СЕРИИ (Колекции)
9 (RLIN) 435080
Име на серия Колекция Редки и ценни издания
650 #0 - Допълнително описание по предмет – тема
9 (RLIN) 262992
Основно описание – тема или топоним Руски език
653 #7 - Ключова дума – ненормативна
9 (RLIN) 198099
Ключова дума текстове
653 #7 - Ключова дума – ненормативна
9 (RLIN) 200246
Ключова дума христоматии
760 ## - Описание на основната серия
Редна дума на основното описание Полевой, Петр Николаевич
Място на издаване, издател и година С.-Петербург, 1898
Страници - том 214, 27 с.
Част - том Ч. 1
Заглавие Младший возраст
852 ## - Местоположение
Форматна сигнатура Рр 898
Фондова буква Редки и ценни
999 ## - СИСТЕМНИ КОНТРОЛНИ НОМЕРА
Koha biblionumber 408040
Koha biblioitemnumber 408040
942 ## - АРТИКУЛИ
Източник на класификационната схема Universal Decimal Classification
Вид на библиотечния материал Книги
Скрит в OPAC Не
Периодичен библиозапис Да
944 ## - СЪЗДАВАНЕ И РЕДАКЦИЯ на ЗАПИСА
Създаване/Редакция Създаване
Дата на регистрацията/редакция 2021-04-13
Служител, извършил регистрацията/редакцията ГГГ
Наличности
Код за отписване Код за изгубен артикул Източник на класификационната схема Код за повреда Коз за рестрикции Код за отдаване Артикулен № Име на библиотеката - собственик Име на библиотеката, в която се намира в момента Статус (Текущо местоположение) Дата на вписване в системата Местоположение - отдел Цена в лева Инвентарен номер Систематично азбучна сигнатура Баркод Цена в евро Служебен тип на артикула
  Не е изгубен Universal Decimal Classification Не е повреден само за читалня Специални фондове ( старопечатни, редки и ценни, фонд М. Арнаудов) 855700 Регионална библиотека "Любен Каравелов" Русе Регионална библиотека "Любен Каравелов" Русе Редки и ценни 2021-09-27 Редки и ценни 0.19 16388 Рр 898 900000052314 0.10 Книги
Vip Innovations Ltd, Rousse, Bulgaria 2025